Statistics for All-Pro NFL Cornerbacks

Click here to take the quiz!

General Stats

  • This quiz has been taken 2,345 times
    (325 since last reset)
  • The average score is 16 of 35

Answer Stats

YearCornerback% Correct
2022, 2023Sauce Gardner
93%
2017, 2020, 2021Jalen Ramsey
91%
2021Trevon Diggs
88%
2018, 2019Stephon Gilmore
84%
2023DaRon Bland
81%
2012, 2013, 2014Richard Sherman
79%
2002Patrick Surtain
77%
2022Patrick Surtain II
77%
2009, 2010, 2011, 2014Darrelle Revis
72%
2019Tre'Davious White
71%
2020Xavien Howard
70%
2016Marcus Peters
67%
2013, 2015Patrick Peterson
65%
1999, 2009, 2011Charles Woodson
61%
2023Trent McDuffie
56%
1997, 1998Deion Sanders
53%
2015Josh Norman
48%
2004, 2005, 2006Champ Bailey
46%
2016Aqib Talib
37%
2017Xavier Rhodes
34%
1998, 2003Ty Law
31%
2001, 2004, 2005Ronde Barber
30%
2018Kyle Fuller
27%
2012Charles Tillman
26%
1997, 2001Aeneas Williams
25%
2008, 2010Nnamdi Asomugha
20%
2007Asante Samuel
19%
2007Antonio Cromartie
18%
2008Cortland Finnegan
11%
2003Chris McAlister
7%
2004Lito Sheppard
4%
2002Troy Vincent
4%
2006Rashean Mathis
3%
2000Samari Rolle
3%
1999, 2000Sam Madison
3%

Score Distribution

Percentile by Number Answered

Percent of People with Each Score

Your Score History

You have not taken this quiz since the last reset